000 00495nam a2200181Ia 4500
008 230917s9999||||xx |||||||||||||| ||und||
020 _cRS695
040 _e256412
_aMAIN
041 _aEnglish
082 _a320.954 M697P(2)
100 _aMitra, Subrata K
245 0 _aPolitics in India: Structure, process and policy
250 _a2nd ed.
260 _aNew York
_bRoudledge
_c2017
300 _axxiv, 331 p.
500 _a3810 11/12/2019 RBP19/76204 31/07/2019 Main Budget
942 _cBK
999 _c33791
_d33791